Revonia Quiz - Statistics

General Stats
  • This quiz has been taken 7 times
  • The average score is 28 of 30
Answer Stats
Hint Answer % Correct
Zenginlerin Adası Aslan Adası
100%
En Büyük Meydan Avlanma Meydanı
100%
Revonya Bayrak Rengi Beyaz
100%
Kanallarıyla Ünlü Şehir Cordona
100%
En Yüksek Sütun Covid-19 Sütunu
100%
Bir Domuza Yıldırım Çarpan Yer Domuztepe
100%
Döneriyle Ünlü Şehir Dönenköy
100%
En Yüksek Bina Dönenköy Expo Tower
100%
Revonya Bayrak Rengi Kırmızı
100%
En Fazla Şubesi Olan Dükkan Kitapçı Carla
100%
Revonya Bayrak Rengi Mavi
100%
Fransızca Konuşulan Şehir Montvert
100%
Tatilköy Muhtarı Mustafa
100%
Dönenköy Muhtarı Ömer
100%
Dönenköydeki Fuarın Adı? Revonia Expo
100%
Revonya Bayrak Rengi Sarı
100%
En Büyük Cami Selvitepe Ulu Cami
100%
En Büyük Stadyum Stade Olympique de Montvert
100%
Başkent Tatilköy
100%
Adına Bağımsızlık MeydanındaSütun Yapılan Ülke Ukrayna
100%
En Büyük Plaj Atlantik Plajı
80%
En Yüksek Dağ Bulut Dağı
80%
Cordona Muhtarı Cemil
80%
Montvert Muhtarı Emily
80%
Cumhurbaşkanı Kemal
80%
En Büyük Pazar Montvert Pazarı
80%
En Geniş Köprü Okyanus Köprüsü
80%
En Büyük Müze Revonya Ulusal Galerisi
80%
En Büyük Ada Yenidoğan Adası
80%
Dönenköydeki Tarihi Kule Şövalye Kulesi
60%
No matching quizzes found
Score Distribution
Percent of People with Each Score
Percentile by Number Answered
Your Score History
You have not taken this quiz